|
|
|
|
| LEADER |
00976nam a2200241 a 4500 |
| 001 |
015817486 |
| 008 |
121011r20122011enkac b 001 0 eng d |
| 999 |
|
|
|c 12918
|d 12918
|
| 020 |
|
|
|a 9781856697323 (pbk.)
|
| 020 |
|
|
|a 1856697320 (pbk.)
|
| 040 |
|
|
|a StDuBDS
|b eng
|c StDuBDS
|d Uk
|d BD-DhAAL.
|
| 082 |
0 |
0 |
|a 720.9
|2 23
|
| 100 |
1 |
|
|a Weston, Richard,
|d 1953-
|9 32511
|
| 245 |
1 |
0 |
|a 100 ideas that changed architecture /
|c Richard Weston.
|
| 260 |
|
|
|a London :
|b Laurence King Publishing,
|c c2011 [Reprinted 2012].
|
| 300 |
|
|
|a 216 p. :
|b ill. (chiefly col.), port. ;
|c 27 cm.
|
| 504 |
|
|
|a Includes bibliographical references and index.
|
| 526 |
|
|
|a ARC
|
| 541 |
|
|
|e 00026026
|
| 650 |
|
0 |
|a Architecture
|x History.
|9 32512
|
| 852 |
4 |
|
|a Ayesha Abed Library
|j General shelf.
|
| 942 |
0 |
0 |
|0 2
|2 ddc
|c BK
|
| 952 |
|
|
|0 0
|1 0
|4 0
|6 720_900000000000000_WES
|7 0
|9 21319
|a BRACUL
|b BRACUL
|c GEN
|d 2012-10-11
|e Trim Education
|g 2650.00
|l 19
|m 210
|o 720.9 WES
|p 3010026026
|r 2025-11-19
|s 2024-03-02
|t 1
|w 0000-00-00
|y BK
|x Available
|